Lexique franco-égyptien : le parler du Caire /

محفوظ في:

المؤلف الرئيسي: Boutros, Wadie (مؤلف)

مؤلفون آخرون: Jomier, Jacques.

التنسيق: كتاب

اللغة: French
Arabic

سلاسل: Bibliothèque générale, 21.

الموضوعات:

الوسوم: إضافة وسم

لا توجد وسوم, كن أول من يضع وسما على هذه التسجيلة!

رقم الطلب: ( REF )PJ6799 .C3 B68 2000

LEADER 01179namaa2200301 4500
001 17172
003 OSt
005 20210809065528.0
008 130303s2000 ua g d 000 0 fre d
952 |0 0  |1 0  |2 lcc  |4 0  |7 1  |9 17556  |a ARCE  |b ARCE  |d 2021-08-09  |l 0  |o ( REF )PJ6799 .C3 B68 2000  |p 1033970  |r 2021-08-09 00:00:00  |w 2021-08-09  |y BK 
999 |c 14424  |d 14424 
010 |a 2001301648 
040 |c ARCE Library 
041 |a fre  |a ara 
050 0 4 |a ( REF )PJ6799 .C3 B68 2000 
100 1 |a Boutros, Wadie,  |e author 
245 1 0 |a Lexique franco-égyptien :  |b le parler du Caire /  |c Wadie Boutros. 
264 1 |a Le Caire :  |b Institut franc̨ais d'archéologie orientale,  |c  2000. 
300 |a xiv, 329 pages ;  |c 22 cm. 
490 1 |a Bibliothèque générale,   |x 1110-2470 ;   |v 21. 
500 |a Based on an updating of Jacques Jomier's Lexique pratique français-arabe. 1976. 
546 |a Text in French and Arabic. 
650 0 |a Arabic language  |x Dialects  |z Egypt  |z Cairo. 
650 0 |a French language  |v Dictionaries  |x Arabic. 
700 1 |a Jomier, Jacques.  |t Lexique pratique français-arabe.  |9 33348 
830 0 |a Bibliothèque générale,   |x 1110-2470 ;   |v 21. 
901 |a reviewed 
942 |c BK  |2 lcc